000 00528nam a2200133Ia 4500
008 100328s9999 xx 000 0 und d
082 _b12522
100 _a---
245 _aगु.रानडे यांच्या पुण्यस्मृति
260 _bगणपती संस्थान प्रेस
630 _aगु.रानडे यांच्या पुण्यस्मृति
730 _aगु.रानडे यांच्या पुण्यस्मृति
942 _cBOOK
999 _c507768
_d507765